FIFA World Cup Winning Captains - Statistics

General Stats
  • This quiz has been taken 2,900 times
    2,898 since last reset
  • The average score is 7 of 19
Answer Stats
Hint Answer % Correct
Argentinian Diego Maradona
78%
Spanish Iker Casillas
74%
Italian Fabio Cannavaro
70%
Brazilian Marcos Evangelista de Moraes (Cafu)
66%
German Franz Beckenbauer
63%
English Bobby Moore
57%
French Didier Deschamps
52%
Brazilian Carlos Caetano Bledorn Verri (Dunga)
46%
Italian Dino Zoff
40%
German Lothar Matthäus
40%
Brazilian Carlos Alberto Torres
29%
Argentinian Daniel Passarella
22%
Italian Giuseppe Meazza
16%
German Fritz Walter
15%
Brazilian Mauro Ramos
11%
Brazilian Hilderaldo Bellini
8%
Uruguayan Obdulio Varela
8%
Uruguayan José Nasazzi
6%
Italian Gianpiero Combi
5%
No matching quizzes found
Score Distribution
Percent of People with Each Score
Percentile by Number Answered
Your Score History
You have not taken this quiz since the last reset